[Event "ch-AZE"]
[Site "Baku AZE"]
[Date "2011.01.26"]
[Round "6.1"]
[White "Bagirov,R"]
[Black "Guliev,L"]
[Result "1-0"]
[WhiteElo "2471"]
[BlackElo "2464"]

1.d4 Nf6 2.Bg5 d5 3.Bxf6 exf6 4.e3 c6 5.c4 dxc4 6.Bxc4 Bd6 7.Nf3 O-O 8.O-O Nd7
9.h3 f5 10.Nc3 Nf6 11.Ne5 Bxe5 12.dxe5 Ne4 13.Qc2 Qd2 14.Qb3 Nxc3 15.bxc3 Qd7
16.Qa3 Qc7 17.f4 Be6 18.Bxe6 fxe6 19.Rfd1 Qb6 20.Kf2 Rfd8 21.Rab1 Qc7 22.Qb3 Qe7
23.Qxb7 Qxb7 24.Rxd8+ Rxd8 25.Rxb7 Rd2+ 26.Kf3 Rxa2 27.Rc7 a5 28.Rxc6 Kf7
29.Rc7+ Kf8 30.g4 Rh2 31.gxf5 exf5 32.e6 Rxh3+ 33.Ke2 Rh6 34.Rf7+ Ke8 35.Rxf5 a4
36.Re5 a3 37.Kf3 a2 38.Ra5 Rh2 39.Ra7 h5 40.c4  1-0

[Event "Belgrade Individual 2011"]
[Site "Belgrade SRB"]
[Date "2011.01.26"]
[Round "5.13"]
[White "Indjic,D"]
[Black "Zivkovic,Sava"]
[Result "1-0"]
[WhiteElo "2268"]
[BlackElo "2311"]

1.d4 Nf6 2.Bg5 g6 3.Nd2 Bg7 4.e4 d6 5.Ngf3 O-O 6.h3 Nbd7 7.Bc4 c6 8.O-O e5
9.dxe5 dxe5 10.a4 a5 11.c3 h6 12.Be3 Nh5 13.Qc2 Qe7 14.Rfd1 Nf4 15.Bf1 Nc5
16.Nc4 Be6 17.Ncxe5 Bxe5 18.Nxe5 Bb3 19.Bxc5 Qxc5 20.Qxb3 Qxe5 21.g3 Ne6
22.Bg2 Nc5 23.Qc4 g5 24.Rd2 Rfe8 25.f4 gxf4 26.gxf4 b5 27.axb5 cxb5 28.Qxb5 Qxf4
29.Rf2 Qe3 30.Qe2 Qg5 31.Kh1 a4 32.Raf1 Qg6 33.Rf6 Qg3 34.R1f4 Kh8 35.Rxh6+  1-0

[Event "Gibraltar Masters"]
[Site "Caleta ENG"]
[Date "2011.01.26"]
[Round "2.52"]
[White "Boskovic,D"]
[Black "Daumen,M"]
[Result "1-0"]
[WhiteElo "2418"]
[BlackElo "2130"]

1.d4 Nf6 2.Bg5 d5 3.Nd2 Nbd7 4.e3 g6 5.Ngf3 Bg7 6.Be2 O-O 7.h3 c5 8.c3 Re8
9.Bf4 b6 10.O-O Bb7 11.Ne5 a6 12.b4 c4 13.Qc2 b5 14.a4 Nb6 15.a5 Nc8 16.f3 Nd6
17.Rae1 Nd7 18.e4 Nxe5 19.dxe5 Nc8 20.exd5 Bxd5 21.Bg3 f5 22.f4 e6 23.Bf3 Ne7
24.Bh4 Ra7 25.Bxd5 Qxd5 26.Nf3 Qd3 27.Qxd3 cxd3 28.Bxe7 Raxe7 29.Re3 Bh6
30.g3 Rc7 31.Rxd3 Rec8 32.Rd6 Rxc3 33.Rxe6 Bf8 34.Rxa6 Bxb4 35.Kg2 Bc5 36.g4 Rc2+
37.Kg3 b4 38.gxf5 gxf5 39.Kh4 b3 40.Rb1 b2 41.Kg5 Rf2 42.Ne1 Rd2 43.Kf6 Ba3
44.Rb6 Rf8+ 45.Ke6 Rc8 46.a6  1-0

[Event "Gibraltar Masters"]
[Site "Caleta ENG"]
[Date "2011.01.27"]
[Round "3.99"]
[White "Sigamoney,Cyril S"]
[Black "Gillespie,Gary"]
[Result "0-1"]
[WhiteElo "1978"]
[BlackElo "1848"]

1.d4 Nf6 2.Bg5 g6 3.Bxf6 exf6 4.e3 Bg7 5.Bd3 O-O 6.Ne2 b6 7.Nd2 f5 8.h4 Bb7
9.Nf3 d6 10.c3 Nd7 11.h5 Nf6 12.hxg6 hxg6 13.Qb3 a5 14.O-O-O a4 15.Qc2 Ne4
16.Rdf1 a3 17.b3 c5 18.dxc5 Rc8 19.Nd2 Nxd2 20.Qxd2 Bxg2 21.cxb6 Qxb6 22.Kb1 Bxf1
23.Rxf1 Qa5 24.Rc1 d5 25.Rc2 Rc7 26.c4 Qxd2 27.Rxd2 dxc4 28.Bxc4 Bf6 29.Nf4 Kg7
30.Kc2 Rcc8 31.Rd7 Kh6 32.Nd5 Bb2 33.Kd3 Rcd8 34.Ra7 f6 35.Ke2 Rfe8 36.Ra6 Kg7
37.Ra7+ Kh6 38.Ra6 Rf8 39.Nf4 Rde8 40.Nd3 g5 41.Kd1 Re4 42.Nxb2 axb2 43.Kc2 b1=Q+
44.Kxb1 f4 45.Bd3 fxe3 46.fxe3 Rxe3 47.Kc2 g4 48.Ra4 f5 49.Rf4 Kg5 50.Rf1 f4
51.a4 Rc8+ 52.Bc4 Rc5 53.Kd2 g3 54.Rh1 Kg4 55.Be2+ Rxe2+ 56.Kxe2 f3+ 57.Kd2 g2
58.Rg1 Kg3  0-1

[Event "Gibraltar Masters"]
[Site "Caleta ENG"]
[Date "2011.01.29"]
[Round "5.20"]
[White "Bellon Lopez,JuM"]
[Black "Nisipeanu,LD"]
[Result "0-1"]
[WhiteElo "2404"]
[BlackElo "2678"]

1.d4 Nf6 2.Bg5 d5 3.Bxf6 gxf6 4.e3 Bf5 5.Bd3 Bxd3 6.Qxd3 c6 7.c4 e6 8.Nc3 f5
9.Nge2 Nd7 10.Nf4 Bd6 11.cxd5 cxd5 12.O-O a6 13.Rac1 Nf6 14.Nce2 O-O 15.f3 Kh8
16.Rc2 Rg8 17.Qb3 Rb8 18.Rfc1 Nd7 19.Qa4 Qe7 20.Qa5 Bb4 21.Qc7 Bd6 22.Qa5 Rbe8
23.a3 Nb8 24.Qb6 Nc6 25.g3 Bc7 26.Qc5 Bd6 27.Qb6 Bc7 28.Qc5 Qd8 29.Kg2 f6
30.Rd1 Rg7 31.b4 Bd6 32.Qc3 Na7 33.Rdc1 Nb5 34.Qb3 Bxf4 35.Nxf4 Nd6 36.Rc5 Nc4
37.R1xc4 dxc4 38.Qxc4 Qd6 39.Nh5 Rf7 40.Rxf5 exf5 41.Qxf7 Qe7 42.Qd5 Qxe3
43.Qxf5 Qxd4 44.Nxf6 Qd2+ 45.Kh3 Qh6+ 46.Nh5 Qe6 47.Qxe6 Rxe6 48.Nf4 Re3
49.a4 Rxf3 50.a5 Rc3  0-1

[Event "16th HIT Open"]
[Site "Nova Gorica SLO"]
[Date "2011.01.29"]
[Round "2"]
[White "Doric,D"]
[Black "Milazzo,M"]
[Result "1-0"]
[WhiteElo "2464"]
[BlackElo "2081"]

1.d4 Nf6 2.Bg5 c5 3.Bxf6 gxf6 4.d5 Qa5+ 5.c3 d6 6.g3 h5 7.h4 Nd7 8.Nh3 Ne5
9.Nf4 Bd7 10.Nd2 Bh6 11.Qc2 b5 12.e3 Bxf4 13.exf4 Ng4 14.Bg2 b4 15.O-O bxc3
16.bxc3 O-O 17.Rfe1 Rfe8 18.Nc4 Qa6 19.Ne3 Rab8 20.Bf3 Qc8 21.Re2 Nxe3 22.Rxe3 Bg4
23.Be4 Bd7 24.Rae1 Kg7 25.Bf3 Bf5 26.Qe2 Rb1 27.Rxb1 Bxb1 28.Bxh5 Qf5 29.c4 Rb8
30.Rxe7 Bd3 31.Qf3 Bxc4 32.Bxf7 Kf8 33.Rxa7 Qh3 34.Qd1 Be2 35.Qe1 Qg4 36.Be6 Qf3
37.Qa1 Ke8 38.Bd7+  1-0

[Event "TCh-HUN 2010-11"]
[Site "Nagykanizsa HUN"]
[Date "2011.01.30"]
[Round "5"]
[White "Nagy,Danie"]
[Black "Pinter,J"]
[Result "0-1"]
[WhiteElo "2309"]
[BlackElo "2517"]

1.d4 Nf6 2.Bg5 d5 3.Nf3 Ne4 4.Bf4 c5 5.e3 Nc6 6.c3 Qb6 7.Qb3 c4 8.Qxb6 axb6
9.Nbd2 f5 10.a3 h6 11.h4 g6 12.Ne5 Rg8 13.Nxc6 bxc6 14.Be5 Be6 15.Nxe4 fxe4
16.f4 exf3 17.gxf3 Bg7 18.Bxg7 Rxg7 19.Bh3 Kd7 20.Kf2 Rf8 21.Rag1 Rf6 22.Bxe6+ Kxe6
23.Rh3 Kf7 24.Rhg3 Rg8 25.Ke2 Re8 26.f4 Rd8 27.R1g2 c5 28.Kd2 Rdd6 29.Rg1 Rf5
30.R1g2 Rh5 31.Rg4 Rf6 32.Ke2 Ke6 33.Kf3 cxd4 34.cxd4 Kf7 35.Ke2 Ke6 36.Kf3 b5
37.Rg1 Kf7 38.Ke2 Rb6 39.Kd2 b4 40.axb4 Rxb4 41.Kc2 Rb3 42.R1g3 Rb6 43.Rg2 Rf5
44.Re2 Rb3 45.Rgg2 Rf6 46.e4 dxe4 47.Rxe4 Rfb6 48.Rge2 Rxb2+ 49.Kc3 Rxe2
50.Rxe2 Rb3+ 51.Kxc4 Rh3 52.Kd5 Rxh4 53.Ke5 Rh3 54.Ke4 h5 55.Ra2 Rh1 56.Ra8 Re1+
57.Kf3 Rd1 58.Ke4 Kg7 59.Re8 Re1+ 60.Kf3 Kf6 61.Rf8+ Ke6 62.Rg8 Rg1 63.Ke4 Rg3
64.Rb8 Kf6 65.Rf8+ Kg7 66.Re8 Kf7 67.Rh8 Rg1 68.Rh7+ Kg8  0-1

[Event "24th MGU Open"]
[Site "Sofia BUL"]
[Date "2011.01.30"]
[Round "6.2"]
[White "Dimitrov,Al"]
[Black "Petrov,Vl5"]
[Result "1/2-1/2"]
[WhiteElo "2004"]
[BlackElo "1786"]

1.d4 Nf6 2.Bg5 d5 3.Bxf6 exf6 4.g3 Bd6 5.Bg2 O-O 6.e3 c6 7.Ne2 Re8 8.O-O Bf5
9.Nd2 Nd7 10.c4 Be6 11.c5 Bc7 12.b4 a6 13.Qb3 Nf8 14.a4 Qd7 15.Rfc1 Bh3 16.Bh1 Ng6
17.Nc3 Qg4 18.Qd1 Qg5 19.e4 Rad8 20.exd5 cxd5 21.Nf3 Qh5 22.Ne1 Qg5 23.Qb3 Nf4
24.Nf3 Qg4 25.Re1 Re6 26.Qc2 Rde8 27.Qd2 h5  1/2-1/2

[Event "Moscow Open F Women"]
[Site "Moscow RUS"]
[Date "2011.02.03"]
[Round "6"]
[White "Mirzoeva,E"]
[Black "Pourkashiyan,A"]
[Result "1/2-1/2"]
[WhiteElo "2216"]
[BlackElo "2397"]

1.d4 Nf6 2.Bg5 d5 3.Nf3 e6 4.e3 Nbd7 5.c4 Bb4+ 6.Nc3 c5 7.cxd5 exd5 8.Bd3 Qa5
9.Qc2 c4 10.Bf5 O-O 11.O-O Re8 12.Nd2 g6 13.Bh3 Kg7 14.Rae1 Bxc3 15.bxc3 Ne4
16.Nxe4 dxe4 17.Bxd7 Bxd7 18.Bf4 Rac8 19.Rb1 Qd5 20.Qb2 b5 21.Qa3 Qb7 22.Qa5 a6
23.Rb2 Bc6 24.h3 Red8 25.a4 Rd5 26.Qb4 Ra8 27.a5 Re8 28.Rd2 Qc8 29.Rfd1 Bd7
30.Qb1 Rh5 31.Be5+ f6 32.Qxe4 fxe5 33.dxe5 Bf5 34.Qd4 Bd3 35.f4 Rf5 36.g4 Rff8
37.Rg2 Qe6 38.Rdd2 Rd8 39.Qc5 Rd5 40.Qc7+ Rf7 41.Qb8 Rfd7 42.Rg3 Be4 43.Rd4 Rxd4
44.exd4 Bc6 45.f5 Qd5 46.Kf2 Rd8 47.Qa7+ Bb7 48.Qb6 Rf8 49.f6+ Kg8 50.g5 Re8
51.Qc7 Qf7 52.Qb6 Qd7 53.h4 Qf5+ 54.Kg1 Qd7 55.Kf2 Qc6 56.Qxc6 Bxc6 57.Ke3 Kf7
58.Kd2 Rb8 59.Rg1 Bd5 60.Rb1 Rh8 61.Rg1 h6 62.gxh6 Rxh6 63.Rg4 Rh5 64.Kc1 Bf3
65.Rg3 Bd5 66.Rg4 Rf5 67.Kb2 Be6 68.Rg5 Rf2+ 69.Ka3 Rh2 70.Kb4 Rxh4 71.Kc5 Rh8
72.Kb6 Ra8 73.Kb7 Bd5+ 74.Kb6 b4 75.Kc5 Be6 76.Kxb4 Rb8+ 77.Kc5 Rb5+ 78.Kc6 Rxa5
79.Rg1 Rb5 80.Ra1 Bd5+ 81.Kd6 a5 82.Ra2 Be6 83.Rh2 Rd5+ 84.Kc6 a4 85.Rh7+ Kf8
86.Rh8+ Kf7 87.Rh7+ Kf8 88.Rh8+ Kf7 89.Rh7+ Ke8 90.Re7+ Kf8 91.Rxe6 Ra5 92.Kd7  1/2-1/2

[Event "TCh-CAT Div Hon"]
[Site "Barcelona ESP"]
[Date "2011.02.05"]
[Round "2"]
[White "Pomes Marcet,J"]
[Black "Jerez Perez,A"]
[Result "1/2-1/2"]
[WhiteElo "2356"]
[BlackElo "2420"]

1.d4 Nf6 2.Bg5 c5 3.Bxf6 gxf6 4.d5 Bg7 5.e3 d6 6.Ne2 e6 7.Nf4 f5 8.c3 O-O
9.Nd2 Qe7 10.Bc4 Na6 11.O-O Nc7 12.a4 b6 13.Re1 Bb7 14.Nf1 Be5 15.Qh5 Qf6  1/2-1/2

[Event "TCh-BEL 2010-11"]
[Site "Hauset BEL"]
[Date "2011.02.06"]
[Round "8.8"]
[White "Veltkamp,G"]
[Black "Vanstreels,L"]
[Result "1-0"]
[WhiteElo "2172"]
[BlackElo "2034"]

1.d4 Nf6 2.Bg5 g6 3.Bxf6 exf6 4.e4 Bg7 5.Nf3 O-O 6.Bd3 d5 7.exd5 Re8+ 8.Be2 Qxd5
9.O-O f5 10.c3 c5 11.Na3 cxd4 12.Nb5 Qd8 13.Nbxd4 Nc6 14.Re1 Nxd4 15.Nxd4 Bxd4
16.Qxd4 Qxd4 17.cxd4 Be6 18.Bf3 Red8 19.Rad1 Bd5 20.Re3 Rac8 21.Rc3 Bxf3
22.gxf3 Kg7 23.Kf1 g5 24.Ke2 Rxc3 25.bxc3 Rd6 26.Rg1 Rg6 27.a4 Ra6 28.Rxg5+ Kf6
29.Rg8 Rxa4 30.Rb8 b6 31.f4 Ra2+ 32.Ke3 Rc2 33.Rc8 b5 34.d5 b4 35.Rc6+ Ke7
36.cxb4 Rxc6 37.dxc6 a6 38.Kd4 Kd6 39.c7 Kxc7 40.Ke5 Kc6 41.Kxf5 Kb5 42.Kf6 Kxb4
43.Kxf7 a5 44.f5 a4 45.f6 a3 46.Ke6 a2 47.f7 a1=Q 48.f8=Q+ Kc4 49.Qf4+ Kb3
50.Qe3+ Kc4 51.Qe4+ Kb3 52.Qd3+ Kb4 53.Qd6+ Kc4 54.Qd5+ Kb4 55.f4 Qe1+ 56.Kd7 Qh4
57.f5 Kc3 58.Ke6 Qh3 59.Qe5+ Kc4 60.Qf4+ Kc5 61.Ke7 Kc6 62.Qd6+ Kb7 63.f6 Qe3+
64.Qe6 Qc5+ 65.Ke8 Kb8 66.Qe7 Qh5+ 67.f7 Qg6 68.Qe5+ Kc8 69.Ke7  1-0

[Event "1st Open"]
[Site "Cento ITA"]
[Date "2011.02.07"]
[Round "3"]
[White "Damia,A"]
[Black "La Bella,R"]
[Result "1/2-1/2"]
[WhiteElo "2360"]
[BlackElo "2138"]

1.d4 Nf6 2.Bg5 c5 3.Nc3 cxd4 4.Qxd4 Nc6 5.Qh4 d5 6.O-O-O e6 7.e4 Be7 8.exd5 Nxd5
9.Bxe7 Qxe7 10.Qxe7+ Ncxe7 11.Bb5+ Bd7 12.Nge2  1/2-1/2

[Event "ch-TUR"]
[Site "Kemer-Antalya TUR"]
[Date "2011.02.08"]
[Round "5"]
[White "Demiralp,M"]
[Black "Ozen,A"]
[Result "1-0"]
[WhiteElo "2083"]
[BlackElo "1677"]

1.d4 Nf6 2.Bg5 g6 3.Bxf6 exf6 4.e3 Bg7 5.g3 O-O 6.Bg2 c6 7.h4 Re8 8.Ne2 d5
9.Nf4 Bh8 10.c3 Na6 11.Nd2 Nc7 12.Qb3 g5 13.hxg5 fxg5 14.Qc2 f5 15.Nh5 Qe7
16.O-O-O Nb5 17.Rh2 Nd6 18.Rdh1 b5 19.g4 a5 20.Ng3 Ra7 21.Rxh7 Qxh7 22.Rxh7 Rxh7
23.Nf3 fxg4 24.Qg6+ Rg7 25.Qxd6 gxf3 26.Bxf3 Bd7 27.Nh5 Re6 28.Qb8+ Re8 29.Nf6+ Kf7
30.Nxe8 Bxe8 31.Bh5+  1-0

[Event "ch-TUR"]
[Site "Kemer-Antalya TUR"]
[Date "2011.02.08"]
[Round "5"]
[White "Tahaoglu,Erson"]
[Black "Ererdem,G"]
[Result "0-1"]
[WhiteElo "1711"]
[BlackElo "1944"]

1.d4 Nf6 2.Bg5 c5 3.Bxf6 gxf6 4.d5 Qb6 5.Qc1 Bg7 6.c3 f5 7.e3 O-O 8.Ne2 e5
9.Na3 d6 10.Ng3 Qd8 11.Qc2 e4 12.Qe2 a6 13.Nh5 Bh8 14.h3 b5 15.O-O-O Nd7
16.g4 Ne5 17.Nf4 b4 18.cxb4 cxb4 19.Nc2 b3 20.axb3 a5 21.gxf5 Bxf5 22.Rg1+ Bg6
23.Bg2 a4 24.b4 Nd3+ 25.Kb1 Nxb2 26.Bxe4 Nxd1 27.Qxd1 Qf6 28.Nd4 Rfb8 29.Nd3 a3
30.Ka2 Re8 31.f3 Kf8 32.Nf2 Qh4 33.Rf1 Reb8 34.Qd2 Qh5 35.Ne2 Qe5 36.Nd4 Bxe4
37.fxe4 Rc8 38.b5 Ra4 39.Qd3 h5 40.Nd1 Rcc4 41.Rf5 Qh2+ 42.Rf2 Qg1 43.Rf1 Qg2+
44.Rf2 Qxh3 45.Ne6+ Ke8 46.Ng5 Qd7 47.Nxf7 Be5 48.Nxe5 dxe5 49.Qf1 Qe7 50.d6 Qxd6
51.Qg2 Qe6 52.Ka1 Rc1+  0-1

[Event "ch-TUR"]
[Site "Kemer-Antalya TUR"]
[Date "2011.02.10"]
[Round "7.6"]
[White "Demiralp,M"]
[Black "Yalim,S"]
[Result "1/2-1/2"]
[WhiteElo "2083"]
[BlackElo "2123"]

1.d4 Nf6 2.Bg5 d5 3.e3 c6 4.Nd2 Nbd7 5.Ngf3 g6 6.Be2 Bg7 7.O-O h6 8.Bh4 O-O
9.c4 Qb6 10.cxd5 cxd5 11.Qb3 Qa5 12.Qc2 Nb8 13.Rfc1 Nc6 14.Ne5 Bf5 15.Nxc6 bxc6
16.Nb3 Qb4 17.Qxc6 a5 18.Qc5 Rfb8 19.g4  1/2-1/2

[Event "V Tancat IM"]
[Site "Sabadell ESP"]
[Date "2011.02.11"]
[Round "2"]
[White "Rojas Keim,L"]
[Black "Escofet Martin,D"]
[Result "1/2-1/2"]
[WhiteElo "2432"]
[BlackElo "2171"]

1.d4 Nf6 2.Bg5 c5 3.d5 Qb6 4.Nc3 Qxb2 5.Bd2 Qb6 6.e4 e5 7.Rb1 Qd8 8.f4 d6
9.fxe5 dxe5 10.Nf3 Nbd7 11.Bg5 Bd6 12.Bb5 Qa5 13.Qd2 O-O 14.Nh4 Ne8 15.Bxd7 Bxd7
16.Rxb7 Bc7 17.Be7 Qa6 18.Rxc7 Nxc7 19.Bxf8 Rxf8 20.Nf3 f6 21.Kf2 Ne8 22.Qd3 c4
23.Qe3 Nd6 24.Rb1 f5 25.Nxe5 Nxe4+ 26.Kg1 Qa3 27.Nxd7 Qxc3 28.Qxa7 Qxc2 29.Rf1 Re8
30.Ne5 Rf8 31.Qe7 g6 32.Ng4 Qd2 33.Qe6+ Kg7 34.Qe5+ Kg8 35.d6 h5 36.Qe6+ Kg7
37.Nf2 Qxd6 38.Qxc4 Qb6 39.Qb3 Qxb3 40.axb3 Nd2 41.Rd1 Nxb3 42.Rd5 Ra8 43.Rd7+ Kf6
44.h4 Nc5 45.Rd6+ Ne6 46.Nh3 Ke5 47.Rb6 Rd8 48.Kf2 Rd2+ 49.Ke3 Rc2 50.g3 Rc3+
51.Kf2 Kd5 52.Ng5 Nxg5 53.hxg5 Rc6 54.Rb7 Ke5 55.Re7+ Re6 56.Rf7 Kd5 57.Kf3 Kd4
58.Rd7+ Ke5 59.Rf7 Rd6 60.Re7+ Kd5 61.Rg7 Ra6 62.Rd7+ Ke6  1/2-1/2

[Event "V Tancat IM"]
[Site "Sabadell ESP"]
[Date "2011.02.11"]
[Round "2"]
[White "Avila Jimenez,J"]
[Black "Subirats Ruiz,S"]
[Result "0-1"]
[WhiteElo "2227"]
[BlackElo "2206"]

1.d4 Nf6 2.Bg5 d5 3.e3 g6 4.Bxf6 exf6 5.c4 dxc4 6.Bxc4 Bd6 7.h4 h5 8.Qd3 Nd7
9.Nc3 f5 10.Nge2 c6 11.g3 Nf6 12.Nf4 b5 13.Bb3 a5 14.a4 Bxf4 15.gxf4 b4 16.Ne2 O-O
17.Rc1 Ba6 18.Qc2 Rc8 19.Ng3 c5 20.dxc5 Bb7 21.Rg1 Kh8 22.Ne2 Ne4 23.Qd1 Qxh4
24.Qd4+ Kh7 25.Rf1 Rcd8 26.Qe5 Nd2 27.Nd4 Rxd4 28.Bd1 Rd7 29.c6 Bxc6 30.Rxc6 Nxf1
31.Qc5 Qh1 32.Ke2  0-1

[Event "ch-TUR"]
[Site "Kemer-Antalya TUR"]
[Date "2011.02.12"]
[Round "9"]
[White "Sakalli,M"]
[Black "Bilgin,M"]
[Result "1-0"]
[WhiteElo "2059"]
[BlackElo "1869"]

1.d4 Nf6 2.Bg5 c5 3.Bxf6 gxf6 4.e3 Qb6 5.Nc3 cxd4 6.exd4 Nc6 7.Nf3 e6 8.a3 d5
9.Rb1 Bd7 10.b4 Bg7 11.Na4 Qc7 12.Nc5 b6 13.Nb3 Ne7 14.Ba6 Qc3+ 15.Qd2 Qxd2+
16.Nfxd2 Rd8 17.O-O O-O 18.Rfe1 f5 19.f4 Bc8 20.Bd3 Bb7 21.Nf3 Nc8 22.a4 Nd6
23.b5 f6 24.Rxe6 Ne4 25.Re7 Rf7 26.Rxb7 Rxb7 27.Nh4 Nd6 28.Ra1 Bf8 29.Nxf5 Nxf5
30.Bxf5 Kg7 31.Bd3 Bd6 32.g3 Bb4 33.Kf2 Bc3 34.Rd1 h6 35.Be2 Rc7 36.g4 Kf8
37.Rg1 Bb4 38.Bd3 Bd6 39.Kf3 Rg7 40.a5 Ke7 41.Bf5 Kf7 42.axb6 axb6 43.Re1 Bb4
44.Ra1 Rb8 45.Ra6 Ke7 46.Ra4 Bc3 47.Nc1 Kd6 48.Ne2 Ba5 49.Bd3 Re7 50.Ng3 Re1
51.Nf5+ Kd7 52.Nxh6 Rh8 53.g5 fxg5 54.fxg5 Ke7 55.c4 Rf8+ 56.Nf5+ Rxf5+ 57.Bxf5 dxc4
58.Rxc4 Kd6 59.g6 Re7 60.Rc8 Bd2 61.Be4 Kd7 62.Rb8 Bc3 63.g7 Rf7+ 64.Ke2 Bxd4
65.g8=Q Re7 66.Rb7+  1-0

[Event "ch-St Petersburg S/F 2011"]
[Site "St Petersburg RUS"]
[Date "2011.02.12"]
[Round "2.13"]
[White "Ovod,E"]
[Black "Gorbatenko,A"]
[Result "1-0"]
[WhiteElo "2414"]
[BlackElo "2127"]

1.d4 Nf6 2.Bg5 d5 3.Bxf6 exf6 4.e3 Bd6 5.c4 dxc4 6.Bxc4 O-O 7.Nc3 f5 8.Qc2 a6
9.Bd3 g6 10.h4 Nc6 11.a3 Qf6 12.Nf3 Re8 13.O-O-O Na5 14.Qa4 Nc6 15.d5 Bd7
16.dxc6 Bxc6 17.Qd4 Qe7 18.Nd5 Bxd5 19.Qxd5 Bxa3 20.bxa3 Qxa3+ 21.Kc2 Rad8
22.Qb3 Qa5 23.Bc4 Qc5 24.Qc3  1-0

[Event "IV Open A"]
[Site "Gora Swietej Anny POL"]
[Date "2011.02.14"]
[Round "4.19"]
[White "Pham,Juliusz"]
[Black "Wisniewski,M"]
[Result "0-1"]
[WhiteElo "1604"]
[BlackElo "1553"]

1.d4 Nf6 2.Bg5 c5 3.c3 e6 4.Nf3 d5 5.Nbd2 Be7 6.e3 Nc6 7.Bd3 O-O 8.O-O Qc7
9.dxc5 e5 10.Bxf6 Bxf6 11.Bc2 Ne7 12.Nb3 Bg4 13.e4 Rfd8 14.exd5 Nxd5 15.Qe2 Nf4
16.Qe3 g6 17.c4 e4 18.Bxe4 Re8 19.Nbd2 Rad8 20.Rab1 Rd3 21.Qe1 Bg7 22.Kh1 Qd7
23.Qc1 Bxf3 24.Bxf3 Rxd2 25.g3 Ne2 26.Bxe2 Rexe2 27.Kg1 Bxb2 28.Rxb2 Rxb2
29.Qf4 Rbd2 30.a3 Qd4 31.Qb8+ Kg7 32.Kg2 Rxf2+  0-1

[Event "ch-ROU Women"]
[Site "Sarata Monteoru ROU"]
[Date "2011.02.14"]
[Round "3.13"]
[White "Iftime,D"]
[Black "Serbanescu,D"]
[Result "0-1"]
[WhiteElo "1624"]
[BlackElo "1870"]

1.d4 Nf6 2.Bg5 g6 3.Bxf6 exf6 4.e3 Bg7 5.Nf3 O-O 6.Bd3 Re8 7.Nbd2 d5 8.c3 f5
9.g3 Nd7 10.Qc2 a6 11.h4 Nf6 12.O-O-O b6 13.Ne5 Ne4 14.Bxe4 fxe4 15.a3 c5
16.Nxe4 Bf5 17.f3 cxd4 18.exd4 dxe4 19.fxe4 Bd7 20.Nc4 Bg4 21.Rdf1 Rc8 22.Ne3 Bh6
23.Qd3 Qe7 24.e5 Bf5 25.Qe2 Qd7 26.Qd2 f6 27.g4 fxe5 28.g5 Bg7 29.Nxf5 gxf5
30.dxe5 Qxd2+ 31.Kxd2 Rcd8+ 32.Kc2 Rxe5 33.h5 Re6 34.h6 Bf8 35.Rhg1 Rg6 36.Rg2 Bxh6  0-1

[Event "ch-St Petersburg S/F 2011"]
[Site "St Petersburg RUS"]
[Date "2011.02.17"]
[Round "7.11"]
[White "Sichinava,Z"]
[Black "Guzenko,A"]
[Result "1-0"]
[WhiteElo "2340"]
[BlackElo "2235"]

1.d4 Nf6 2.Bg5 d5 3.e3 c5 4.c3 Qb6 5.Qc2 Nc6 6.Nd2 Bg4 7.h3 Bh5 8.f4 h6 9.Bxf6 gxf6
10.f5 Qc7 11.g4 Qg3+ 12.Ke2 e5 13.Ngf3 e4 14.Nxe4 dxe4 15.Qxe4+ Be7 16.gxh5 Qd6
17.Kf2 Rg8 18.Bb5 O-O-O 19.Bxc6 bxc6 20.Rhg1 Qc7 21.Rg4 Rge8 22.Qd3 Bf8 23.b4 cxd4
24.cxd4 Kb7 25.Rc1 Qb6 26.Re4 Be7 27.Qb3 Rd5 28.Rc5 Rxc5  1-0

[Event "TCh-CAT Div Hon"]
[Site "Barcelona ESP"]
[Date "2011.02.19"]
[Round "4.6"]
[White "Travesset Ribera,J"]
[Black "Guerrero Sanmarti,R"]
[Result "1/2-1/2"]
[WhiteElo "2232"]
[BlackElo "2224"]

1.d4 Nf6 2.Bg5 c5 3.d5 d6 4.Nc3 g6 5.e4 Bg7 6.f4 Qa5 7.Bb5+ Bd7 8.Qe2 O-O
9.Bxd7 Nbxd7 10.Nf3 b5 11.O-O b4 12.Nd1 Rae8 13.c4 h6 14.Bh4 e6 15.Qd3 exd5
16.exd5 Nh5 17.f5 Nf4 18.Qd2 Re4 19.Nf2 Bd4 20.Nxd4 Rxd4 21.Qe3 g5 22.Bg3 Ne5
23.b3 Qd8 24.Rad1 Re8 25.Rde1 Kf8 26.Bxf4 Rxf4 27.Qh3 Kg7  1/2-1/2

[Event "G-TEAM Open"]
[Site "Novy Bor CZE"]
[Date "2011.02.19"]
[Round "9"]
[White "Moloney,N"]
[Black "Iwanow,A"]
[Result "0-1"]
[WhiteElo "2202"]
[BlackElo "2097"]

1.d4 Nf6 2.Bg5 c5 3.d5 Qb6 4.Nc3 Qxb2 5.Bd2 Qb6 6.e4 d6 7.f4 e6 8.Rb1 Qc7
9.Bb5+ Bd7 10.dxe6 fxe6 11.Nf3 Nc6 12.O-O Be7 13.a4 O-O-O 14.Ng5 Rdf8 15.Bc4 Nd4
16.Be3 h6 17.Nf3 Ng4 18.Bc1 Bf6 19.Nb5 Bxb5 20.axb5 Qd7 21.c3 d5 22.cxd4 dxc4
23.h3 h5 24.hxg4 hxg4 25.Ne5 Qe8 26.Qxg4 Rh4 27.Qg6 Qd8 28.Be3 cxd4 29.Bf2 Rh6
30.Qg4 Bxe5 31.fxe5 Rfh8 32.Bg3 d3  0-1

[Event "TCh-SWE Elitserien 2010-11"]
[Site "Sweden SWE"]
[Date "2011.02.19"]
[Round "8"]
[White "Schneider,Stef"]
[Black "Lund,E"]
[Result "1-0"]
[WhiteElo "2360"]
[BlackElo "2401"]

1.d4 Nf6 2.Bg5 d5 3.e3 c6 4.Bxf6 exf6 5.c4 dxc4 6.Bxc4 Bd6 7.Nc3 O-O 8.Qc2 a5
9.Nge2 Qe7 10.Ng3 g6 11.O-O f5 12.Rfe1 Nd7 13.e4 Bxg3 14.hxg3 fxe4 15.Nxe4 Nb6
16.Nc5 Qd8 17.Qc3 Nxc4 18.Qxc4 b6 19.Ne4 Be6 20.Qxc6 Qxd4 21.b3 Rac8 22.Qb5 Rfd8
23.Rad1 Qxd1 24.Rxd1 Rxd1+ 25.Kh2 h5 26.g4 hxg4 27.Qxb6 a4 28.bxa4 Rc4 29.Qb8+ Rc8
30.Qe5 Bxa2 31.a5 Bb1 32.Nc3 g3+ 33.fxg3 Rc1 34.Nd5 R1c5 35.a6 Ba2 36.Nf6+ Kh8
37.Qb2 Rc2 38.Qb7 R8c7 39.Qb8+ Rc8 40.a7 Kg7 41.Ne8+ Rxe8 42.Qxe8 Bd5 43.Qe5+  1-0

[Event "TCh-HUN 2010-11"]
[Site "Kazincbarcika HUN"]
[Date "2011.02.20"]
[Round "6"]
[White "Szabo,Leo"]
[Black "Dudas,E"]
[Result "1-0"]
[WhiteElo "2185"]
[BlackElo "2215"]

1.d4 Nf6 2.Bg5 d5 3.Nd2 c5 4.dxc5 Na6 5.c4 Nxc5 6.Bxf6 exf6 7.cxd5 Qxd5 8.e4 Nd3+
9.Bxd3 Qxd3 10.Qe2 Qxe2+ 11.Nxe2 Bd7 12.Rc1 Rd8 13.Nc3 Bc6 14.Nc4 b6 15.a3 g6
16.O-O Bh6 17.Rcd1 O-O 18.g3 Rfe8 19.Nd6 Rf8 20.f4 Rd7 21.Ndb5 Rfd8 22.Nxa7 Rxd1
23.Rxd1 Rxd1+ 24.Nxd1 Bxe4 25.Nc8 g5 26.Nf2 Bf3 27.f5 b5 28.Nd6 b4 29.axb4 Bf8
30.Nfe4 Bxd6 31.Nxd6 Kf8 32.Nc4 Ke7 33.Kf2 Be4 34.g4 Kd7 35.Ke3 Bg2 36.Kd4 Kc6
37.b5+ Kxb5 38.Nd6+ Kc6 39.Ne8 Bf3 40.Nxf6 h6 41.Ke5 Be2 42.Ng8 h5 43.gxh5 Bxh5
44.Kf6  1-0

[Event "ch-Subotica Open 2011"]
[Site "Subotica SRB"]
[Date "2011.02.23"]
[Round "2"]
[White "Milurovic,U"]
[Black "Sedlak,I"]
[Result "1-0"]
[WhiteElo "2014"]
[BlackElo "2180"]

1.d4 Nf6 2.Bg5 d5 3.e3 Bf5 4.Bd3 Bg6 5.Nf3 e6 6.Ne5 Be7 7.Nd2 Nbd7 8.f4 Nxe5
9.fxe5 Nd7 10.Bxe7 Qxe7 11.Nf3 Bxd3 12.Qxd3 O-O 13.O-O f6 14.exf6 Rxf6 15.e4 Raf8
16.e5 Rf5 17.c3 a6 18.Qe3 c5 19.Nd2 cxd4 20.cxd4 Qb4 21.Qc3 Qb5 22.Rxf5 Rxf5
23.Nf3 Qc4  1-0

[Event "V Tancat IM"]
[Site "Sabadell ESP"]
[Date "2011.02.25"]
[Round "4"]
[White "Avila Jimenez,J"]
[Black "Escofet Martin,D"]
[Result "1-0"]
[WhiteElo "2227"]
[BlackElo "2171"]

1.d4 Nf6 2.Bg5 c5 3.d5 Qb6 4.Nc3 Qxb2 5.Bd2 Qb6 6.e4 e5 7.f4 d6 8.f5 Nxe4
9.Nxe4 Bxf5 10.Rb1 Qc7 11.Bb5+ Nd7 12.Qf3 Bg6 13.h4 Be7 14.h5 Bxe4 15.Qxe4 O-O
16.Qf5 Nf6 17.c4 a6 18.Ba4 b5 19.Bc2 bxc4 20.Bg5 Qc8 21.Bxf6 Qxf5 22.Bxf5 Bxf6
23.Ne2 Rab8 24.Kd2 g6 25.Bd7 Rb4 26.a3 Rb3 27.Rxb3 cxb3 28.Rf1 Bg7 29.Nc3 Bh6+
30.Kd3 Rb8 31.Ne4 b2 32.Rb1 Rb6 33.Bc6 f5 34.Nxd6 e4+ 35.Ke2 Bg7 36.Nc4 Rb3
37.d6 Kf8 38.Ba4 Rg3 39.d7 Ke7 40.Kf1 Bd4 41.Nxb2 e3 42.Nc4 e2+ 43.Kxe2 Rxg2+
44.Kf3 Rf2+ 45.Kg3 gxh5 46.Rb8 f4+ 47.Kh3 Rf3+ 48.Kh4 Bf6+ 49.Kxh5 Ke6 50.Rb6+  1-0

[Event "Bunratty Masters"]
[Site "Bunratty IRL"]
[Date "2011.02.26"]
[Round "3"]
[White "Cooper,L"]
[Black "Kosten,A"]
[Result "0-1"]
[WhiteElo "2316"]
[BlackElo "2498"]

1.d4 Nf6 2.Bg5 d5 3.Bxf6 exf6 4.e3 Bd6 5.c4 dxc4 6.Bxc4 O-O 7.Nc3 Nd7 8.Nf3 f5
9.Qc2 Nf6 10.h3 Qe7 11.O-O-O c6 12.Rdg1 Ne4 13.g4 Nxc3 14.bxc3 f4 15.e4 Ba3+
16.Kb1 b5 17.Bd3 c5 18.e5 cxd4 19.Bxh7+ Kh8 20.Be4 dxc3 21.Bxa8 Be6 22.Qe4 c2+
23.Kxc2 Rc8+ 24.Kd1 Rc1+ 25.Kd2 Qd8+ 26.Qd4 Qa5+ 27.Kd3 Rc4 28.Qa1 Qd8+ 29.Ke2 Rc2+
30.Kf1 Qd3+ 31.Kg2 Rxf2+ 32.Kxf2 Qe3+ 33.Kg2 Qe2+  0-1

[Event "26th MGU Open"]
[Site "Sofia BUL"]
[Date "2011.02.26"]
[Round "3.2"]
[White "Dimitrov,Al"]
[Black "Petrov,Vl5"]
[Result "1/2-1/2"]
[WhiteElo "2004"]
[BlackElo "1786"]

1.d4 Nf6 2.Bg5 d5 3.Bxf6 exf6 4.g3 Bd6 5.Bg2 c6 6.Nd2 Qb6 7.Nb3 Nd7 8.e3 f5
9.Ne2 Nf6 10.O-O O-O 11.Qd3 a5 12.Nd2 Ne4 13.b3 Be6 14.f3 Nxd2 15.Qxd2 Rfe8
16.c3 Re7 17.Nf4 Bxf4 18.exf4 Rae8 19.Rfe1 Qd8 20.Kf2 Bd7 21.Bf1 h5 22.Rxe7 Qxe7
23.Re1 Qxe1+ 24.Qxe1 Rxe1 25.Kxe1 Kf8 26.b4 a4 27.Kd2 b5 28.Be2 g6 29.Ke3 Kg7
30.a3 Be6 31.h3 Kh6 32.g4 hxg4 33.fxg4 fxg4 34.hxg4 f5 35.gxf5 gxf5 36.Kf3 Bf7
37.Kg3 Be8 38.Kh4 Bf7 39.Bf3 Be8 40.Bd1 Bf7  1/2-1/2

[Event "ch-SRB"]
[Site "Kragujevac SRB"]
[Date "2011.03.01"]
[Round "2"]
[White "Miladinovic,I"]
[Black "Ivanisevic,I"]
[Result "1-0"]
[WhiteElo "2556"]
[BlackElo "2630"]

1.d4 Nf6 2.Bg5 d5 3.e3 Nbd7 4.Nf3 g6 5.c4 c5 6.cxd5 Bg7 7.Nc3 O-O 8.Be2 cxd4
9.Nxd4 Nb6 10.Bxf6 exf6 11.Qb3 f5 12.Rd1 f4 13.exf4 Qh4 14.O-O Qxf4 15.Nf3 Bg4
16.g3 Qh6 17.Nh4 Bh3 18.Rfe1 Rae8 19.d6 Re6 20.Ng2 g5 21.Qa3 Rfe8 22.Ne3 Qg6
23.Bb5 Bxc3 24.Qxc3 Rd8 25.d7 a6 26.Qc7 Qf6 27.Bf1 Rc6 28.Nd5  1-0